000 00495nam a2200217Ia 4500
005 20251020182512.0
008 200515s9999 xx 000 0 und d
020 _a84-283-1287-7
082 _a651.74/.76/M26
100 _aMartínez de Sousa, José
245 0 _aDudas y errores de lenguaje
250 _a4.ed
260 _aMadrid
260 _bPARANINFO S.A.
260 _c1987
300 _a366 p.
500 _a1 ejemplar
650 _aLENGUAJE
942 _cLIB
999 _c1451
_d1451